01947cam a2200373 i 4500003000900000005001700009008004100026020003700067020004000104035002700144040003300171082001900204100003700223245002700260264007700287300004200364336002100406337002500427338002300452504004000475504003500515505092700550526001001477526001001487526001001497526001001507526000801517526000801525526000801533526000801541526000801549526000801557526000801565PE-LiUPU20250731172843.0141117s2015 miu b 001 0 eng  a080282708Xq(pbk. ;qalk. paper) a9780802827081q(pbk. ;qalk. paper) a(Sirsi) i9780802827081 aPE-LiUPUbspacPE-LiUPUerda00a223.1bW582201 aWilson, Lindsay,d1955-,eautor.10aJob /cLindsay Wilson. 1aGrand Rapids, Michigan :bWilliam B. Eerdmans Publishing Company,c2015. axi, 420 páginas ;c23 centímetros atext2rdacontent aunmediated2rdamedia avolume2rdacarrier aBibliografía : páginas 383-395. aÍndices : páginas 396-420.0 aAcknowledgments -- Abbreviations. Introduction. Who Wrote the Book, and When Was It Written? -- Are These Real Historical Events and the Actual Words Spoken? -- How Should We Read the Book? -- Why Was the Book Written? -- How Have Others Understood It? -- How Do the Different parts of the Book Fit Together? -- What is the Structure of the Book? -- Is the Text of Job Reliable? -- Why Is the Book So Long and Repetitive?. Commentary. 1:1 -- 2:13: The Prologue -- 3:1-31:40: The Dialogue -- 32:1 -- 42:6: The Verdicts -- 42:7-17: The Epilogue. Theological Themes. Suffering -- Retribution and Justice -- The Litigation Motif -- Lament and Complaint to God -- Persevering Faith -- The Fear of God -- Humanity -- God -- Creation. Job and Theology. Job and Biblical Theology -- Job and Systematic Theology -- Job and Moral Theology -- Job and Practical Theology. Bibliography. Index of Authors. Index of Scripture References. aSEG42 aSEG41 aSEG40 aSEG39 aP94 aP87 aP86 aP85 aP77 aP76 aP35